[Event "Stay Safe Play From Home 329"]
[Site "Mustafa Kemal Atatürk"]
[Date "2020.07.24"]
[Round "7"]
[White "Mandy"]
[Black "Meini"]
[Result "0-1"]
[WhiteElo "885"]
[BlackElo "1508"]
[Annotator "NA"]
[PlyCount "34"]
[EventDate "2020.07.24"]
[EventType "swiss (blitz)"]

1. d4 {[%emt 0:00:03]} d5 {[%emt 0:00:02]} 2. Bf4 {[%emt 0:00:01]} Bf5 {[%emt 0:00:02]} 3. e3 {[%emt 0:00:01]} e6 {[%emt 0:00:01]} 4. Bd3 {[%emt 0:00:04]} Bd6 {[%emt 0:00:01]} 5. Bxd6 {[%emt 0:00:03]} Qxd6 {[%emt 0:00:01]} 6. Nf3 {[%emt 0:00:05]} Nf6 {[%emt 0:00:02]} 7. c3 {[%emt 0:00:03]} c5 {[%emt 0:00:02]} 8. Nbd2 {[%emt 0:00:02]} Nc6 {[%emt 0:00:02]} 9. O-O {[%emt 0:00:03]} Bxd3 {[%emt 0:00:04]} 10. Re1 {[%emt 0:00:04]} Bg6 {[%emt 0:00:02]} 11. Ne5 {[%emt 0:00:08]} Nxe5 {[%emt 0:00:04]} 12. dxe5 {[%emt 0:00:02]} Qxe5 {[%emt 0:00:01]} 13. Nf3 {[%emt 0:00:02]} Qd6 {[%emt 0:00:01]} 14. Qe2 {[%emt 0:00:06]} O-O {[%emt 0:00:03]} 15. b3 {[%emt 0:00:05]} a6 {[%emt 0:00:02]} 16. Rad1 {[%emt 0:00:02]} b5 {[%emt 0:00:01]} 17. g3 {[%emt 0:00:04]} Rad8 {[%emt 0:00:02] Zeit (Lag: Av=0.50s, max=0.6s)} 0-1

[Event "Stay Safe Play From Home 329"]
[Site "Mustafa Kemal Atatürk"]
[Date "2020.07.24"]
[Round "8"]
[White "lamborghini"]
[Black "Little champs"]
[Result "0-1"]
[WhiteElo "2218"]
[BlackElo "2374"]
[Annotator "TA"]
[PlyCount "106"]
[EventDate "2020.07.24"]
[EventType "swiss (blitz)"]

{[%evp 16,105,38,14,11,7,7,5,15,5,37,8,37,13,17,0,0,0,17,12,7,17,7,-6,45,45,110,90,138,136,275,122,202,157,165,143,160,151,143,102,93,88,100,86,152,77,89,20,9,-425,-407,-500,-505,-599,-596,-699,-700,-879,-889,-909,-885,-944,-928,-2491,-2290,-29987,-29984,-29986,-29987,-29990,-29986,-29985,0,0,0,0,29996,-29988,-29989,-29989,-29990,-29992,-29993,-29993,-29994,-29994,-29995,-29997,-29996,-29998,-29999,-29999]} 1. e4 c6 2. d3 d5 3. Nd2 dxe4 4. dxe4 Nf6 5. Ngf3 g6 6. g3 Bg7 7. Bg2 O-O 8. O-O Qc7 9. Qe2 e5 {A07: Réti Opening: New York and Capablanca Systems.} 10. Nc4 Re8 11. Rd1 Bf8 {The position is equal.} 12. a4 Nbd7 {[#]} 13. a5 $146 ({Predecessor:} 13. Bd2 Nc5 14. Bc3 Nfxe4 15. Bxe5 Qe7 16. Re1 f6 17. Bd4 Qf7 18. b4 Na6 19. b5 cxb5 20. axb5 {1-0 (78) Lohmann,H (2527)-Szabo,A (2376) ICCF email 2008}) 13... Nc5 14. Ne1 (14. Nfxe5 $5 Rxe5 15. Bf4 $14 {[%mdl 64] Pin}) 14... Be6 15. b4 $36 {[%mdl 2048] White has good play.} Ncd7 16. c3 Rac8 17. Be3 b5 18. axb6 axb6 19. Nc2 c5 (19... Ra8 $11) 20. b5 $14 Nb8 (20... Ra8 $14) 21. Bg5 Nfd7 22. Bc1 Bg7 (22... Bxc4 $16 23. Qxc4 Nf6) 23. N4e3 (23. Nd6 $18 {and White stays clearly on top.}) 23... Red8 (23... Nf6 $16 {is a better defense.} 24. c4 Nbd7) 24. c4 Nf6 25. Nd5 Bxd5 26. cxd5 Nbd7 27. Na3 Ne8 28. Nc4 {Strongly threatening d6.} Nd6 29. Bg5 f6 (29... Nf6 $142) 30. Be3 (30. Nxd6 $142 Qxd6 31. Bc1) 30... Nxb5 $16 31. Nxe5 (31. Na5 $16) 31... Nc3 $11 {[%mdl 64] Double Attack} 32. Qd3 $2 {[%mdl 8192]} (32. Qc2 $11 {and White is okay.} Qxe5 33. Bf4) 32... Nxd1 $19 (32... Qxe5 33. f4 $17) 33. Nxd7 Nxe3 ({Stronger than} 33... Rxd7 34. Rxd1 Rcd8 35. Bf4 $11) 34. Qxe3 Qxd7 35. f4 b5 36. e5 fxe5 37. fxe5 c4 38. e6 Qd6 ({Weaker is} 38... Bxa1 39. exd7 Rb8 40. d6 $15) 39. h4 Bxa1 40. Qg5 Bg7 41. h5 c3 42. hxg6 hxg6 43. Qxg6 c2 $2 (43... Rf8 {mates} 44. Be4 Rf6 45. Qh7+ Kf8 46. Qh2 {[#]} c2 $1 {[%mdl 512]} 47. Qh4 c1=Q+ 48. Kh2 Rh6 $1 {[%mdl 512]} 49. Qxh6 Bxh6 50. Kh3 Qe1 $1 {[%mdl 512]} 51. e7+ Qxe7 52. Kh2 Q7xe4 53. Kh3 Q1h1#) 44. Qf7+ $11 Kh7 45. Qh5+ Bh6 $2 {[%mdl 8192]} (45... Kg8 $11 46. Qf7+ Kh7 47. Qh5+ Kg8 48. Qf7+) 46. Qf7+ $4 {[%mdl 8192]} (46. Be4+ {is the narrow road to win.} Kh8 47. Qxh6+ Kg8 48. Qh7+ Kf8 49. Qf7#) 46... Kh8 {Black mates.} 47. Qf6+ Bg7 48. Qg6 c1=Q+ 49. Kh2 Qh6+ 50. Qxh6+ Bxh6 51. Bh3 Rg8 52. e7 Qxg3+ 53. Kh1 Qg1# {Accuracy: White = 56%, Black = 63%.} 0-1

[Event "Stay Safe Play From Home 329"]
[Site "Mustafa Kemal Atatürk"]
[Date "2020.07.24"]
[Round "8"]
[White "SoulofWolf"]
[Black "BrainThinker22"]
[Result "0-1"]
[WhiteElo "2155"]
[BlackElo "2333"]
[Annotator "NA"]
[PlyCount "174"]
[EventDate "2020.07.24"]
[EventType "swiss (blitz)"]

1. d4 {[%emt 0:00:01]} c5 {[%emt 0:00:01]} 2. c4 {[%emt 0:00:00]} cxd4 {[%emt 0:00:00]} 3. Qxd4 {[%emt 0:00:01]} Nf6 {[%emt 0:00:00]} 4. Qd1 {[%emt 0:00:00]} Nc6 {[%emt 0:00:00]} 5. Nf3 {[%emt 0:00:00]} g6 {[%emt 0:00:00]} 6. e3 {[%emt 0:00:00]} Bg7 {[%emt 0:00:00]} 7. Be2 {[%emt 0:00:00]} O-O {[%emt 0:00:00]} 8. O-O {[%emt 0:00:00]} d6 {[%emt 0:00:00]} 9. Nbd2 {[%emt 0:00:00]} Be6 {[%emt 0:00:00]} 10. b3 {[%emt 0:00:01]} Rc8 {[%emt 0:00:00]} 11. Rb1 {[%emt 0:00:00]} h6 {[%emt 0:00:02]} 12. Bb2 {[%emt 0:00:00]} Nd7 {[%emt 0:00:01]} 13. Ne4 {[%emt 0:00:01]} Bxb2 {[%emt 0:00:01]} 14. Rxb2 {[%emt 0:00:00]} Nde5 {[%emt 0:00:00]} 15. Ng3 {[%emt 0:00:01]} Nxf3+ {[%emt 0:00:01]} 16. Bxf3 {[%emt 0:00:00]} Ne5 {[%emt 0:00:02]} 17. Be2 {[%emt 0:00:01]} b6 {[%emt 0:00:01]} 18. Qd2 {[%emt 0:00:00]} Qd7 {[%emt 0:00:02]} 19. Rd1 {[%emt 0:00:00]} Bg4 {[%emt 0:00:01]} 20. f3 {[%emt 0:00:01]} Be6 {[%emt 0:00:01]} 21. e4 {[%emt 0:00:01]} Kh7 {[%emt 0:00:03]} 22. Kh1 {[%emt 0:00:01]} f5 {[%emt 0:00:02]} 23. Qc3 {[%emt 0:00:03]} f4 {[%emt 0:00:02]} 24. Nf1 {[%emt 0:00:00]} b5 {[%emt 0:00:02]} 25. Rbd2 {[%emt 0:00:01]} Qc7 {[%emt 0:00:02]} 26. Rc2 {[%emt 0:00:16]} bxc4 {[%emt 0:00:04]} 27. b4 {[%emt 0:00:00]} Qb6 {[%emt 0:00:03]} 28. a3 {[%emt 0:00:00]} Rfd8 {[%emt 0:00:02]} 29. Nd2 {[%emt 0:00:00]} Nd3 {[%emt 0:00:02]} 30. Bxd3 {[%emt 0:00:03]} cxd3 {[%emt 0:00:00]} 31. Qxd3 {[%emt 0:00:00]} Rxc2 {[%emt 0:00:01]} 32. Qxc2 {[%emt 0:00:00]} Rc8 {[%emt 0:00:00]} 33. Qb1 {[%emt 0:00:03]} Qe3 {[%emt 0:00:00]} 34. Nf1 {[%emt 0:00:01]} Qf2 {[%emt 0:00:01]} 35. Rd2 {[%emt 0:00:02]} Qb6 {[%emt 0:00:04]} 36. Qd1 {[%emt 0:00:03]} Qb5 {[%emt 0:00:01]} 37. Rb2 {[%emt 0:00:01]} a5 {[%emt 0:00:02]} 38. Rb1 {[%emt 0:00:01]} axb4 {[%emt 0:00:01]} 39. axb4 {[%emt 0:00:00]} Bc4 {[%emt 0:00:01]} 40. Nd2 {[%emt 0:00:01]} Bd3 {[%emt 0:00:00]} 41. Ra1 {[%emt 0:00:02]} Rc7 {[%emt 0:00:01]} 42. h3 {[%emt 0:00:01]} Qc6 {[%emt 0:00:00]} 43. Kh2 {[%emt 0:00:01]} Qc2 {[%emt 0:00:00]} 44. Qe1 {[%emt 0:00:00]} Qc3 {[%emt 0:00:01]} 45. Nf1 {[%emt 0:00:04]} Qxe1 {[%emt 0:00:02]} 46. Rxe1 {[%emt 0:00:00]} Bxf1 {[%emt 0:00:01]} 47. Rxf1 {[%emt 0:00:00]} Rb7 {[%emt 0:00:00]} 48. Rb1 {[%emt 0:00:00]} Kg7 {[%emt 0:00:00]} 49. g3 {[%emt 0:00:00]} e5 {[%emt 0:00:01]} 50. gxf4 {[%emt 0:00:00]} exf4 {[%emt 0:00:00]} 51. Kg2 {[%emt 0:00:01]} g5 {[%emt 0:00:00]} 52. Kf2 {[%emt 0:00:00]} Kf6 {[%emt 0:00:00]} 53. Ke2 {[%emt 0:00:00]} Ke5 {[%emt 0:00:00]} 54. Kd3 {[%emt 0:00:00]} d5 {[%emt 0:00:00]} 55. Kc3 {[%emt 0:00:00]} dxe4 {[%emt 0:00:00]} 56. fxe4 {[%emt 0:00:00]} Kxe4 {[%emt 0:00:00]} 57. Re1+ {[%emt 0:00:00]} Kf3 {[%emt 0:00:01]} 58. Ra1 {[%emt 0:00:00]} Kg3 {[%emt 0:00:00]} 59. Kb3 {[%emt 0:00:00]} f3 {[%emt 0:00:00]} 60. Rc1 {[%emt 0:00:00]} Rc7 {[%emt 0:00:00]} 61. Rc3 {[%emt 0:00:00]} Rc8 {[%emt 0:00:00]} 62. Rxc8 {[%emt 0:00:01]} f2 {[%emt 0:00:00]} 63. Rc3+ {[%emt 0:00:00]} Kg2 {[%emt 0:00:00]} 64. Rc2 {[%emt 0:00:00]} Kg1 {[%emt 0:00:00]} 65. Rxf2 {[%emt 0:00:01]} Kxf2 {[%emt 0:00:00]} 66. b5 {[%emt 0:00:00]} g4 {[%emt 0:00:00]} 67. h4 {[%emt 0:00:00]} g3 {[%emt 0:00:01]} 68. b6 {[%emt 0:00:00]} g2 {[%emt 0:00:00]} 69. b7 {[%emt 0:00:00]} g1=Q {[%emt 0:00:00]} 70. b8=Q {[%emt 0:00:00]} Qb1+ {[%emt 0:00:00]} 71. Kc4 {[%emt 0:00:01]} Qxb8 {[%emt 0:00:00]} 72. Kd5 {[%emt 0:00:00]} Qg3 {[%emt 0:00:00]} 73. h5 {[%emt 0:00:00]} Qh4 {[%emt 0:00:00]} 74. Ke6 {[%emt 0:00:00]} Qxh5 {[%emt 0:00:00]} 75. Ke7 {[%emt 0:00:00]} Qg5+ {[%emt 0:00:00]} 76. Kf8 {[%emt 0:00:00]} h5 {[%emt 0:00:00]} 77. Kf7 {[%emt 0:00:01]} h4 {[%emt 0:00:00]} 78. Ke6 {[%emt 0:00:00]} h3 {[%emt 0:00:00]} 79. Kf7 {[%emt 0:00:00]} h2 {[%emt 0:00:00]} 80. Ke6 {[%emt 0:00:00]} h1=Q {[%emt 0:00:00]} 81. Kf7 {[%emt 0:00:00]} Qg3 {[%emt 0:00:00]} 82. Ke6 {[%emt 0:00:00]} Kg1 {[%emt 0:00:00]} 83. Kf7 {[%emt 0:00:00]} Qhg2 {[%emt 0:00:00]} 84. Ke8 {[%emt 0:00:00]} Q2f2 {[%emt 0:00:00]} 85. Kd8 {[%emt 0:00:00]} Qge3 {[%emt 0:00:00]} 86. Kd7 {[%emt 0:00:00]} Qd3+ {[%emt 0:00:00]} 87. Kc6 {[%emt 0:00:01]} Qb2 {[%emt 0:00:00] Czas partii (Lag: Av=0.50s, max=1.1s)} 0-1

[Event "Stay Safe Play From Home 329"]
[Site "Mustafa Kemal Atatürk"]
[Date "2020.07.24"]
[Round "8"]
[White "SelamiSahin"]
[Black "Schachwerk_64"]
[Result "1-0"]
[WhiteElo "2115"]
[BlackElo "1868"]
[Annotator "NA"]
[PlyCount "49"]
[EventDate "2020.07.24"]
[EventType "swiss (blitz)"]

1. d4 {[%emt 0:00:01]} Nc6 {[%emt 0:00:01]} 2. c4 {[%emt 0:00:00]} d5 {[%emt 0:00:02]} 3. Nc3 {[%emt 0:00:00]} dxc4 {[%emt 0:00:01]} 4. e3 {[%emt 0:00:01]} e5 {[%emt 0:00:01]} 5. d5 {[%emt 0:00:01]} Na5 {[%emt 0:00:01]} 6. Qa4+ {[%emt 0:00:02]} c6 {[%emt 0:00:00]} 7. dxc6 {[%emt 0:00:00]} Nxc6 {[%emt 0:00:01]} 8. Bxc4 {[%emt 0:00:02]} Nf6 {[%emt 0:00:01]} 9. Nf3 {[%emt 0:00:01]} e4 {[%emt 0:00:01]} 10. Ng5 {[%emt 0:00:01]} Be6 {[%emt 0:00:04]} 11. Bxe6 {[%emt 0:00:02]} fxe6 {[%emt 0:00:01]} 12. Nxe6 {[%emt 0:00:01]} Qb6 {[%emt 0:00:01]} 13. Nxf8 {[%emt 0:00:02]} Rxf8 {[%emt 0:00:02]} 14. O-O {[%emt 0:00:00]} O-O-O {[%emt 0:00:00]} 15. b3 {[%emt 0:00:02]} Ng4 {[%emt 0:00:01]} 16. h3 {[%emt 0:00:01]} h5 {[%emt 0:00:03]} 17. Ba3 {[%emt 0:00:01]} Rh8 {[%emt 0:00:02]} 18. Nxe4 {[%emt 0:00:01]} Qc7 {[%emt 0:00:02]} 19. hxg4 {[%emt 0:00:03]} hxg4 {[%emt 0:00:01]} 20. Ng3 {[%emt 0:00:00]} Ne5 {[%emt 0:00:05]} 21. Rac1 {[%emt 0:00:02]} Nc6 {[%emt 0:00:01]} 22. Qxg4+ {[%emt 0:00:02]} Kb8 {[%emt 0:00:02]} 23. Qf4 {[%emt 0:00:00]} Rc8 {[%emt 0:00:02]} 24. Bd6 {[%emt 0:00:01]} Ne5 {[%emt 0:00:02]} 25. Bxe5 {[%emt 0:00:02] Schachwerk_64 gibt auf (Lag: Av=0.51s, max=1.0s)} 1-0

[Event "Stay Safe Play From Home 329"]
[Site "Mustafa Kemal Atatürk"]
[Date "2020.07.24"]
[Round "8"]
[White "Haxhi Baha"]
[Black "Edmatuag"]
[Result "1-0"]
[WhiteElo "2073"]
[BlackElo "1641"]
[PlyCount "65"]
[EventDate "2020.07.24"]
[EventType "swiss (blitz)"]

1. e4 {[%emt 0:00:01]} d6 {[%emt 0:00:00]} 2. d4 {[%emt 0:00:01]} c6 {[%emt 0:00:01]} 3. Nc3 {[%emt 0:00:00]} Nd7 {[%emt 0:00:01]} 4. Nf3 {[%emt 0:00:00]} Qc7 {[%emt 0:00:01]} 5. Be3 {[%emt 0:00:00]} e5 {[%emt 0:00:01]} 6. Qd2 {[%emt 0:00:01]} g6 {[%emt 0:00:01]} 7. h3 {[%emt 0:00:01]} Bg7 {[%emt 0:00:01]} 8. O-O-O {[%emt 0:00:01]} Ne7 {[%emt 0:00:00]} 9. g4 {[%emt 0:00:01]} Nb6 {[%emt 0:00:02]} 10. Bh6 {[%emt 0:00:02]} Bxh6 {[%emt 0:00:03]} 11. Qxh6 {[%emt 0:00:02]} Be6 {[%emt 0:00:00]} 12. dxe5 {[%emt 0:00:01]} dxe5 {[%emt 0:00:03]} 13. Qg7 {[%emt 0:00:02]} Rf8 {[%emt 0:00:01]} 14. Nxe5 {[%emt 0:00:02]} Rg8 {[%emt 0:00:11]} 15. Qf6 {[%emt 0:00:01]} Rd8 {[%emt 0:00:03]} 16. Be2 {[%emt 0:00:03]} Rd6 {[%emt 0:00:03]} 17. Rxd6 {[%emt 0:00:03]} Qxd6 {[%emt 0:00:01]} 18. Rd1 {[%emt 0:00:00]} Qc7 {[%emt 0:00:01]} 19. f4 {[%emt 0:00:01]} Nbc8 {[%emt 0:00:06]} 20. f5 {[%emt 0:00:02]} Bd5 {[%emt 0:00:06]} 21. exd5 {[%emt 0:00:01]} gxf5 {[%emt 0:00:01]} 22. d6 {[%emt 0:00:02]} Nxd6 {[%emt 0:00:01]} 23. Rxd6 {[%emt 0:00:02]} Nd5 {[%emt 0:00:02]} 24. Qxf7+ {[%emt 0:00:01]} Qxf7 {[%emt 0:00:01]} 25. Nxf7 {[%emt 0:00:01]} Kxf7 {[%emt 0:00:00]} 26. Nxd5 {[%emt 0:00:01]} cxd5 {[%emt 0:00:01]} 27. gxf5 {[%emt 0:00:01]} Re8 {[%emt 0:00:03]} 28. Bf3 {[%emt 0:00:01]} Re5 {[%emt 0:00:01]} 29. Rxd5 {[%emt 0:00:01]} Re3 {[%emt 0:00:01]} 30. Bg4 {[%emt 0:00:01]} Kf6 {[%emt 0:00:01]} 31. Rd6+ {[%emt 0:00:01]} Kg5 {[%emt 0:00:01]} 32. Re6 {[%emt 0:00:01]} h5 {[%emt 0:00:01]} 33. Rxe3 {[%emt 0:00:01] Time} 1-0

[Event "Stay Safe Play From Home 329"]
[Site "Mustafa Kemal Atatürk"]
[Date "2020.07.24"]
[Round "8"]
[White "Stefanone"]
[Black "Mepe_Nika"]
[Result "0-1"]
[WhiteElo "2070"]
[BlackElo "2398"]
[Annotator "TA"]
[PlyCount "40"]
[EventDate "2020.07.24"]
[EventType "swiss (blitz)"]

{[%evp 9,39,6,14,9,14,0,0,0,16,2,10,6,20,6,7,-8,22,0,0,0,0,-68,-60,-131,-129,-135,-138,-137,-96,-98,-92,-29999]} 1. d4 d5 2. e3 Nf6 3. Nf3 c6 4. b3 Bg4 5. Bb2 e6 6. Be2 {D04: Colle System.} Bd6 7. Ne5 Bxe2 8. Qxe2 {[#] The position is equal.} Nfd7 $146 ({Predecessor:} 8... O-O 9. O-O a5 10. a3 Qc7 11. f4 Ne4 12. Nd2 f5 13. Nxe4 dxe4 14. Rac1 Qe7 {0-1 (47) Van Doorn,H (1903)-Krasenkova,I (2087) Vlissingen 2015}) 9. f4 (9. O-O {seems wilder.} O-O 10. c4 Nxe5 11. dxe5 Bb4 12. Rd1) 9... O-O 10. O-O f6 11. Nxd7 Nxd7 12. Nd2 Qe7 13. c4 e5 14. fxe5 fxe5 15. e4 ({White should play} 15. cxd5 $11 cxd5 16. Qb5) 15... exd4 $15 {White must now prevent ...Be5.} 16. Bxd4 {[#]} ({Better is} 16. Rxf8+ $15 Rxf8 17. cxd5) 16... c5 $1 $17 {[%cal Rc5d4]} ({Reject} 16... Qh4 $6 17. g3 $11) 17. Bb2 d4 $40 {[%mdl 128] Black wants a kill.} 18. Nf3 Ne5 19. Nxe5 Qxe5 {[%csl Gd6][%cal Re5h2]} 20. Rae1 $2 {[%mdl 8192] [#]} (20. g3 $17) 20... Qxh2# {Accuracy: White = 66%, Black = 83%.} 0-1

[Event "Stay Safe Play From Home 329"]
[Site "Mustafa Kemal Atatürk"]
[Date "2020.07.24"]
[Round "8"]
[White "Lazieri3"]
[Black "NeatFox"]
[Result "1-0"]
[WhiteElo "2058"]
[BlackElo "1850"]
[PlyCount "81"]
[EventDate "2020.07.24"]
[EventType "swiss (blitz)"]

1. e4 {[%emt 0:00:01]} c6 {[%emt 0:00:00]} 2. Nc3 {[%emt 0:00:00]} d5 {[%emt 0:00:00]} 3. d4 {[%emt 0:00:00]} dxe4 {[%emt 0:00:01]} 4. Nxe4 {[%emt 0:00:00]} Nf6 {[%emt 0:00:00]} 5. Nxf6+ {[%emt 0:00:01]} gxf6 {[%emt 0:00:00]} 6. c3 {[%emt 0:00:00]} Bg7 {[%emt 0:00:00]} 7. Nf3 {[%emt 0:00:00]} e5 {[%emt 0:00:00]} 8. dxe5 {[%emt 0:00:01]} fxe5 {[%emt 0:00:00]} 9. Qxd8+ {[%emt 0:00:02]} Kxd8 {[%emt 0:00:00]} 10. Bc4 {[%emt 0:00:01]} Be6 {[%emt 0:00:01]} 11. Bg5+ {[%emt 0:00:01]} f6 {[%emt 0:00:02]} 12. O-O-O+ {[%emt 0:00:02]} Ke7 {[%emt 0:00:03]} 13. Bxe6 {[%emt 0:00:04]} Kxe6 {[%emt 0:00:01]} 14. Bh4 {[%emt 0:00:02]} Nd7 {[%emt 0:00:01]} 15. Rhe1 {[%emt 0:00:00]} Nc5 {[%emt 0:00:01]} 16. Nd4+ {[%emt 0:00:02]} Kf7 {[%emt 0:00:01]} 17. Nf5 {[%emt 0:00:01]} Rad8 {[%emt 0:00:02]} 18. Nd6+ {[%emt 0:00:01]} Ke6 {[%emt 0:00:04]} 19. Nc4 {[%emt 0:00:02]} Rxd1+ {[%emt 0:00:00]} 20. Rxd1 {[%emt 0:00:01]} Bh6+ {[%emt 0:00:03]} 21. Kc2 {[%emt 0:00:01]} Ne4 {[%emt 0:00:03]} 22. g4 {[%emt 0:00:02]} Re8 {[%emt 0:00:05]} 23. f3 {[%emt 0:00:01]} Ng5 {[%emt 0:00:02]} 24. Bxg5 {[%emt 0:00:01]} Bxg5 {[%emt 0:00:00]} 25. Nd6 {[%emt 0:00:07]} Re7 {[%emt 0:00:02]} 26. Nf5 {[%emt 0:00:01]} Rd7 {[%emt 0:00:01]} 27. Rxd7 {[%emt 0:00:02]} Kxd7 {[%emt 0:00:00]} 28. Kd3 {[%emt 0:00:00]} h6 {[%emt 0:00:01]} 29. h4 {[%emt 0:00:01]} Bf4 {[%emt 0:00:00]} 30. Ke4 {[%emt 0:00:01]} Ke6 {[%emt 0:00:01]} 31. Ng7+ {[%emt 0:00:01]} Kf7 {[%emt 0:00:00]} 32. Nh5 {[%emt 0:00:00]} Ke6 {[%emt 0:00:01]} 33. Nxf4+ {[%emt 0:00:01]} exf4 {[%emt 0:00:01]} 34. Kxf4 {[%emt 0:00:00]} c5 {[%emt 0:00:00]} 35. g5 {[%emt 0:00:01]} fxg5+ {[%emt 0:00:01]} 36. hxg5 {[%emt 0:00:00]} hxg5+ {[%emt 0:00:00]} 37. Kxg5 {[%emt 0:00:00]} b5 {[%emt 0:00:01]} 38. f4 {[%emt 0:00:01]} c4 {[%emt 0:00:01]} 39. f5+ {[%emt 0:00:01]} Kf7 {[%emt 0:00:00]} 40. Kf4 {[%emt 0:00:01]} a5 {[%emt 0:00:00]} 41. Ke5 {[%emt 0:00:01] NeatFox gibt auf (Lag: Av=0.72s, max=1.0s)} 1-0

[Event "Stay Safe Play From Home 329"]
[Site "Mustafa Kemal Atatürk"]
[Date "2020.07.24"]
[Round "8"]
[White "Trotsky"]
[Black "New ton"]
[Result "1-0"]
[WhiteElo "1612"]
[BlackElo "1436"]
[Annotator "NA"]
[PlyCount "45"]
[EventDate "2020.07.24"]
[EventType "swiss (blitz)"]

1. d4 {[%emt 0:00:01]} d5 {[%emt 0:00:00]} 2. e3 {[%emt 0:00:01]} Nc6 {[%emt 0:00:01]} 3. c4 {[%emt 0:00:01]} Nf6 {[%emt 0:00:03]} 4. Nc3 {[%emt 0:00:01]} dxc4 {[%emt 0:00:02]} 5. Bxc4 {[%emt 0:00:02]} Bg4 {[%emt 0:00:02]} 6. f3 {[%emt 0:00:01]} Bh5 {[%emt 0:00:02]} 7. a3 {[%emt 0:00:00]} e5 {[%emt 0:00:03]} 8. g4 {[%emt 0:00:01]} Bg6 {[%emt 0:00:02]} 9. d5 {[%emt 0:00:00]} Na5 {[%emt 0:00:03]} 10. Bd3 {[%emt 0:00:01]} e4 {[%emt 0:00:02]} 11. fxe4 {[%emt 0:00:02]} Qe7 {[%emt 0:00:06]} 12. Nf3 {[%emt 0:00:03]} Bxe4 {[%emt 0:00:04]} 13. Rf1 {[%emt 0:00:09]} Bxd3 {[%emt 0:00:03]} 14. Qxd3 {[%emt 0:00:02]} Ne4 {[%emt 0:00:01]} 15. Bd2 {[%emt 0:00:02]} Nxc3 {[%emt 0:00:02]} 16. bxc3 {[%emt 0:00:01]} Nb3 {[%emt 0:00:01]} 17. Rb1 {[%emt 0:00:03]} Nxd2 {[%emt 0:00:01]} 18. Kxd2 {[%emt 0:00:01]} Qxa3 {[%emt 0:00:01]} 19. h4 {[%emt 0:00:05]} Qa2+ {[%emt 0:00:01]} 20. Kc1 {[%emt 0:00:03]} Ba3+ {[%emt 0:00:02]} 21. Kd1 {[%emt 0:00:03]} Qg2 {[%emt 0:00:11]} 22. Ng5 {[%emt 0:00:04]} O-O {[%emt 0:00:01]} 23. Qxh7# {[%emt 0:00:02] (Lag: Av=0.41s, max=0.7s) Mate} 1-0

[Event "Stay Safe Play From Home 329"]
[Site "Mustafa Kemal Atatürk"]
[Date "2020.07.24"]
[Round "8"]
[White "Meini"]
[Black "Mamba2001de"]
[Result "1-0"]
[WhiteElo "1509"]
[BlackElo "1475"]
[Annotator "NA"]
[PlyCount "85"]
[EventDate "2020.07.24"]
[EventType "swiss (blitz)"]

1. d4 {[%emt 0:00:02]} e6 {[%emt 0:00:01]} 2. Bf4 {[%emt 0:00:01]} d5 {[%emt 0:00:01]} 3. e3 {[%emt 0:00:00]} Bd6 {[%emt 0:00:01]} 4. Nf3 {[%emt 0:00:00]} Bxf4 {[%emt 0:00:01]} 5. exf4 {[%emt 0:00:00]} Nf6 {[%emt 0:00:01]} 6. g3 {[%emt 0:00:00]} Ne4 {[%emt 0:00:01]} 7. Bg2 {[%emt 0:00:00]} Nd7 {[%emt 0:00:02]} 8. O-O {[%emt 0:00:01]} Ndf6 {[%emt 0:00:01]} 9. Nbd2 {[%emt 0:00:01]} O-O {[%emt 0:00:01]} 10. c3 {[%emt 0:00:01]} Bd7 {[%emt 0:00:02]} 11. Ne5 {[%emt 0:00:01]} Bb5 {[%emt 0:00:02]} 12. Re1 {[%emt 0:00:02]} a5 {[%emt 0:00:01]} 13. Nxe4 {[%emt 0:00:01]} dxe4 {[%emt 0:00:02]} 14. Bxe4 {[%emt 0:00:01]} Nxe4 {[%emt 0:00:02]} 15. Rxe4 {[%emt 0:00:00]} Bc6 {[%emt 0:00:01]} 16. Re1 {[%emt 0:00:01]} Bd5 {[%emt 0:00:02]} 17. Qe2 {[%emt 0:00:02]} c5 {[%emt 0:00:04]} 18. dxc5 {[%emt 0:00:02]} Qc7 {[%emt 0:00:02]} 19. Rad1 {[%emt 0:00:02]} Rad8 {[%emt 0:00:02]} 20. b3 {[%emt 0:00:03]} Qxc5 {[%emt 0:00:01]} 21. c4 {[%emt 0:00:04]} Bc6 {[%emt 0:00:02]} 22. Rxd8 {[%emt 0:00:02]} Rxd8 {[%emt 0:00:02]} 23. Rd1 {[%emt 0:00:01]} Rxd1+ {[%emt 0:00:01]} 24. Qxd1 {[%emt 0:00:02]} h6 {[%emt 0:00:02]} 25. Qd8+ {[%emt 0:00:04]} Kh7 {[%emt 0:00:01]} 26. Qd3+ {[%emt 0:00:03]} g6 {[%emt 0:00:05]} 27. Nxf7 {[%emt 0:00:01]} Qe7 {[%emt 0:00:03]} 28. Ne5 {[%emt 0:00:01]} Qf6 {[%emt 0:00:03]} 29. Nxc6 {[%emt 0:00:02]} bxc6 {[%emt 0:00:01]} 30. Qe4 {[%emt 0:00:01]} Qa1+ {[%emt 0:00:01]} 31. Kg2 {[%emt 0:00:01]} Qxa2 {[%emt 0:00:01]} 32. Qxc6 {[%emt 0:00:01]} Qxb3 {[%emt 0:00:01]} 33. Qxe6 {[%emt 0:00:00]} Qb7+ {[%emt 0:00:03]} 34. f3 {[%emt 0:00:03]} a4 {[%emt 0:00:01]} 35. c5 {[%emt 0:00:02]} a3 {[%emt 0:00:01]} 36. c6 {[%emt 0:00:01]} Qa7 {[%emt 0:00:01]} 37. Qd7+ {[%emt 0:00:02]} Qxd7 {[%emt 0:00:02]} 38. cxd7 {[%emt 0:00:01]} a2 {[%emt 0:00:01]} 39. d8=Q {[%emt 0:00:00]} a1=Q {[%emt 0:00:00]} 40. Qe7+ {[%emt 0:00:01]} Qg7 {[%emt 0:00:01]} 41. Qxg7+ {[%emt 0:00:01]} Kxg7 {[%emt 0:00:01]} 42. g4 {[%emt 0:00:00]} Kf6 {[%emt 0:00:00]} 43. Kg3 {[%emt 0:00:00] Zeit (Lag: Av=0.38s, max=0.6s)} 1-0